Kraje na środku kontynentu - Statystyki

Ogólne statystyki
  • Ten quiz został rozwiązany 345 razy
  • Średni wynik to 5 z 7
Statystyki odpowiedzi
Kontynent Kraj % Poprawnych
Ameryka Północna Stany Zjednoczone
92%
Europa Polska
89%
Azja Chiny
80%
Ameryka Południowa Paragwaj
80%
Antarktyda Antarktyda
64%
Afryka Republika Środkowoafrykańska
60%
Australia i Oceania Nowa Kaledonia
17%
Nie znaleziono quizów pasujących do podanych kryteriów
Rozkład punktacji
Procent ludzi z każdym wynikiem
Percentyl według liczby udzielonych odpowiedzi
Twoja historia wyników
Nie rozwiązałeś tego quizu